000 00465nam a2200157 a 4500
001 351
003 CDMR
005 20131007180950.0
008 130130s1931||||||||||||||||||||||||||||d
040 _aCDMR
_bcat
_cCDMR
100 1 _aGivanel i Mas, Joan
_9241
245 1 0 _aBibliografia catalana
_b: Premsa Vol. I : Agramunt-Barcelona
_cmaterials aplegats per Joan Givanel i Mas
260 _aBarcelona
_c1931
_bInstitució Patxot
300 _a557 p.
_b30 cm
942 _cMON
_2udc
999 _c351
_d351